Nazionali con più partite vinte agli Europei - Statistics

Statistiche generali
  • Questo quiz è stato fatto 20 volte
    11 dall'ultimo reset
  • Il punteggio medio è 10 su 11
Statistiche sulle risposte
Vittorie Squadra % Corretto
12 Belgio
100%
10 Danimarca
100%
23 Francia
100%
30 Germania / Germania Ovest
100%
18 Inghilterra
100%
22 Italia
100%
21 Portogallo
100%
28 Spagna
100%
23 Paesi Bassi
91%
13 Russia / Unione Sovietica
82%
15 Repubblica Ceca / Cecoslovacchia
64%
Nessun quiz corrispondente trovato
Distribuzione punteggi
Percentuale di utenti per punteggio
Percentile per numero di risposta
I tuoi punteggi nel tempo
Non hai fatto questo quiz dall'ultimo reset